Let's read about Cesar Chavez / (Record no. 7758)

MARC details
000 -LEADER
fixed length control field 01001nam a22003017a 4500
001 - CONTROL NUMBER
control field 7758
003 - CONTROL NUMBER IDENTIFIER
control field FISKH
005 - DATE AND TIME OF LATEST TRANSACTION
control field 20250819095454.0
008 - FIXED-LENGTH DATA ELEMENTS--GENERAL INFORMATION
fixed length control field 250805b cb ||||| |||| 00| 0 eng d
020 ## - INTERNATIONAL STANDARD BOOK NUMBER
International Standard Book Number 0439680514
040 ## - CATALOGING SOURCE
Original cataloging agency FISKH
Language of cataloging eng
Transcribing agency FISKH
Modifying agency FISKH
050 ## - LIBRARY OF CONGRESS CALL NUMBER
Classification number HD6509.C48 T45
082 ## - DEWEY DECIMAL CLASSIFICATION NUMBER
Classification number 920
100 ## - MAIN ENTRY--PERSONAL NAME
Personal name Tello, Jerry
245 ## - TITLE STATEMENT
Title Let's read about Cesar Chavez /
Statement of responsibility, etc. by Jerry Tello : Illustrated by Stephen Marchesi
250 ## - EDITION STATEMENT
Edition statement First printing, October 2004
260 ## - PUBLICATION, DISTRIBUTION, ETC.
Place of publication, distribution, etc. New York :
Name of publisher, distributor, etc. Scholastic,
Date of publication, distribution, etc. 2004.
300 ## - PHYSICAL DESCRIPTION
Extent 32 unnumbered pages :
Other physical details color illustrations ;
Dimensions 23 cm .
490 ## - SERIES STATEMENT
Series statement Scholastic First Biographies
505 ## - FORMATTED CONTENTS NOTE
Formatted contents note H <br/><br/>
520 ## - SUMMARY, ETC.
Summary, etc. A profile of Ce?sar Cha?vez, the Mexican American union leader who fought to get migrant farm workers better wages.
521 8# - TARGET AUDIENCE NOTE
Target audience note 450 <br/><br/>
Source Lexile estimate <br/>
521 8# - TARGET AUDIENCE NOTE
Target audience note H <br/><br/>
Source Raz-Plus <br/>
650 ## - SUBJECT ADDED ENTRY--TOPICAL TERM
Topical term or geographic name entry element Hispanic
Form subdivision Non-fiction
700 ## - ADDED ENTRY--PERSONAL NAME
Personal name Marchesi, Stephen
Relator term Illustrator
942 ## - ADDED ENTRY ELEMENTS (KOHA)
Source of classification or shelving scheme Dewey Decimal Classification
Koha item type Books
Suppress in OPAC No
Holdings
Withdrawn status Lost status Source of classification or shelving scheme Damaged status Not for loan Collection Home library Current library Shelving location Date acquired Total Checkouts Full call number Barcode Date last seen Price effective from Koha item type Copy number
    Dewey Decimal Classification     Non-Fiction Footprints International School Library Network Toul Tom Poung Campus Footprints International School Library Network Toul Tom Poung Campus TTP Primary Dark Blue Bookshelves 08/05/2025   TEL 920 HD6509.C48 T45 FISBK01547 08/05/2025 08/05/2025 Books  
    Dewey Decimal Classification     Non-Fiction Footprints International School Library Network Toul Tom Poung Campus Footprints International School Library Network Toul Tom Poung Campus TTP Primary Dark Blue Bookshelves 08/13/2025   TEL 920 HD6509.C48 T45 FISBK01546 08/13/2025 08/13/2025 Books 2
    Dewey Decimal Classification     Non-Fiction Footprints International School Library Network Toul Tom Poung Campus Footprints International School Library Network Toul Tom Poung Campus TTP Primary Dark Blue Bookshelves 08/19/2025   TEL 920 HD6509.C48 T45 FISBK01548 08/19/2025 08/19/2025 Books 3